Felidae - Liste des espèces - Statistiques

Statistiques générales
  • Ce quiz a été pris 41 fois
  • Le résultat moyen est 17 sur 39
Statistiques - réponses
Par images Hint Réponse % Correct
Panthera pardus Léopard
100%
Panthera tigris Tigre
100%
Acinonyx jubatus Guépard
97%
Puma concolor Puma
97%
Panthera leo Lion
94%
Panthera uncia Panthère des neiges
91%
Caracal caracal Caracal
85%
Leptailurus serval Serval
82%
Panthera onca Jaguar
79%
Leopardus pardalis Ocelot
73%
Lynx canadensis Lynx du Canada
67%
Felis margarita Chat des sables
58%
Prionailurus viverrinus Chat viverrin
55%
Neofelis nebulosa Panthère longibande
55%
Lynx lynx Lynx boréal
48%
Herpailurus yagouaroundi Jaguarondi
45%
Otocolobus manul Manul
45%
Lynx pardinus Lynx ibérique
42%
Lynx rufus Lynx roux
42%
Catopuma temminckii Chat de Temminck
30%
Leopardus tigrinus Chat-tigre
27%
Felis chaus Chaus
27%
Leopardus geoffroyi Chat de Geoffroy
24%
Prionailurus rubiginosus Chat rubigineux
24%
Leopardus colocolo Colocolo
24%
Felis silvestris Chat sauvage d'Europe
21%
Felis nigripes Chat à pieds noirs
18%
Leopardus wiedii Margay
18%
Prionailurus bengalensis Chat-léopard
15%
Neofelis diardi Panthère nébuleuse de Bornéo
15%
Prionailurus planiceps Chat à tête plate
9%
Felis lybica Chat sauvage d'Afrique
9%
Leopardus guigna Guigna
9%
Catopuma badia Chat bai
6%
Caracal aurata Chat doré d'Afrique
6%
Felis bieti Chat de Biet
3%
Leopardus jacobita Chat des Andes
3%
Pardofelis marmorata Chat marbré
3%
Leopardus guttulus Oncille du Sud
3%
Aucun quiz correspondant
Distribution des résultats
% des personnes avec chaque résultat
Percentile par nombre de réponses
Votre historique - résultats
Vous n’avez pas pris ce quiz